| 000 | 00776cam a2200241 a 4500 | ||
|---|---|---|---|
| 001 | 14540659 | ||
| 005 | 20180109040646.0 | ||
| 008 | 060908s2006 maua b 001 0 eng | ||
| 010 | _a 2006934310 | ||
| 020 | _a9780618713127 (main student text) | ||
| 020 | _a0618713123 (main student text) | ||
| 040 |
_aDLC _cDLC |
||
| 041 | _aeng | ||
| 080 | _a159.9 | ||
| 082 | _2159.9 BER | ||
| 100 | 1 | _a48 | |
| 101 | _aPSI | ||
| 245 | 1 | 0 |
_aEssentials of psychology / _cDouglas Bernstein and Peggy W. Nash, with Alison Clarke-Stewart, Louis A. Penner, Edward J. Roy. |
| 504 | _aIncludes bibliographical references ( p. A15 - A97) and index. | ||
| 906 |
_a7 _bcbc _corignew _d2 _eepcn _f20 _gy-gencatlg |
||
| 942 |
_2ddc _cBK |
||
| 999 |
_c39857 _d39857 |
||